<?xml version="1.0" encoding="UTF-8"?>
<collection xmlns="http://www.loc.gov/MARC21/slim">
<record>
  <controlfield tag="001">146276</controlfield>
  <controlfield tag="005">20241122150937.0</controlfield>
  <datafield tag="037" ind1=" " ind2=" ">
    <subfield code="a">TAZ-TFG-2024-3895</subfield>
  </datafield>
  <datafield tag="041" ind1=" " ind2=" ">
    <subfield code="a">spa</subfield>
  </datafield>
  <datafield tag="100" ind1="1" ind2=" ">
    <subfield code="a">Gómez Tena, Julia</subfield>
  </datafield>
  <datafield tag="242" ind1="0" ind2="0">
    <subfield code="a">The Impact of Relationship Marketing in the New Digital World</subfield>
  </datafield>
  <datafield tag="245" ind1="0" ind2="0">
    <subfield code="a">El impacto del Marketing Relacional en el Nuevo Mundo Digital</subfield>
  </datafield>
  <datafield tag="260" ind1=" " ind2=" ">
    <subfield code="a">Zaragoza</subfield>
    <subfield code="b">Universidad de Zaragoza</subfield>
    <subfield code="c">2024</subfield>
  </datafield>
  <datafield tag="506" ind1=" " ind2=" ">
    <subfield code="a">by-nc-sa</subfield>
    <subfield code="b">Creative Commons</subfield>
    <subfield code="c">3.0</subfield>
    <subfield code="u">http://creativecommons.org/licenses/by-nc-sa/3.0/</subfield>
  </datafield>
  <datafield tag="520" ind1=" " ind2=" ">
    <subfield code="a">Este trabajo de investigación se centra en el análisis del marketing relacional y su intersección con las estrategias de redes sociales en el contexto de la empresa Vicio, especializada en la venta de hamburguesas. El objetivo primordial consiste en introducir el impacto de estas prácticas en la percepción de la marca y el comportamiento del consumidor, con el propósito de crear recomendaciones estratégicas que impulsen su crecimiento.&lt;br />El presente estudio combina métodos tanto cualitativos como cuantitativos, con el fin de arribar a una comprensión holística de la dinámica relacional entre cliente y marca. Los hallazgos obtenidos destacan la relevancia de una comunicación efectiva en las redes sociales, así como la necesidad de mejorar la experiencia del cliente y reforzar la percepción de valor asociada a la marca. Por último, este trabajo proporciona recomendaciones de tipo práctico y estratégico, no solo para la empresa Vicio, sino también para cualquier entidad empresarial que aspire a fortalecer su presencia y relevancia en el competitivo panorama actual.&lt;br />&lt;br /></subfield>
  </datafield>
  <datafield tag="521" ind1=" " ind2=" ">
    <subfield code="a">Graduado en Marketing e Investigación de Mercados</subfield>
  </datafield>
  <datafield tag="540" ind1=" " ind2=" ">
    <subfield code="a">Derechos regulados por licencia Creative Commons</subfield>
  </datafield>
  <datafield tag="856" ind1="0" ind2=" ">
    <subfield code="f">797075@unizar.es</subfield>
  </datafield>
  <datafield tag="856" ind1="4" ind2=" ">
    <subfield code="s">7461094</subfield>
    <subfield code="u">http://zaguan.unizar.es/record/146276/files/TAZ-TFG-2024-3895.pdf</subfield>
    <subfield code="y">Memoria (spa)</subfield>
  </datafield>
  <datafield tag="909" ind1="C" ind2="O">
    <subfield code="o">oai:zaguan.unizar.es:146276</subfield>
    <subfield code="p">driver</subfield>
    <subfield code="p">trabajos-fin-grado</subfield>
  </datafield>
  <datafield tag="950" ind1=" " ind2=" ">
    <subfield code="a"></subfield>
  </datafield>
  <datafield tag="691" ind1=" " ind2=" ">
    <subfield code="a">0</subfield>
  </datafield>
  <datafield tag="692" ind1=" " ind2=" ">
    <subfield code="a"></subfield>
  </datafield>
  <datafield tag="700" ind1=" " ind2=" ">
    <subfield code="a">Sesé Oliván, Francisco Javier</subfield>
    <subfield code="e">dir.</subfield>
  </datafield>
  <datafield tag="710" ind1="2" ind2=" ">
    <subfield code="a">Universidad de Zaragoza</subfield>
    <subfield code="b">Dirección de Márketing e Investigación de Mercados</subfield>
    <subfield code="c">Comercialización e Investigación de Mercados</subfield>
  </datafield>
  <datafield tag="980" ind1=" " ind2=" ">
    <subfield code="a">TAZ</subfield>
    <subfield code="b">TFG</subfield>
    <subfield code="c">ECON</subfield>
  </datafield>
  <datafield tag="999" ind1=" " ind2=" ">
    <subfield code="a">20240902175907.CREATION_DATE</subfield>
  </datafield>
  <datafield tag="951" ind1=" " ind2=" ">
    <subfield code="a">deposita:2024-11-22</subfield>
  </datafield>
</record>
</collection>